| 000 | 00541nam a2200193Ia 4500 | ||
|---|---|---|---|
| 003 | LDD | ||
| 008 | 181029s9999 xx 000 0 und d | ||
| 020 |
_a765808471 _cUS _24.95 |
||
| 040 | _cLDD | ||
| 100 | _aMinogue, Kenneth | ||
| 245 | 4 |
_aThe concept of a university _cKenneth Minogue |
|
| 260 |
_aLondon _bTransaction _c2005 |
||
| 300 | _axviii, 231 | ||
| 365 |
_bUS _24.95 |
||
| 901 |
_a3333 _b08-03-2006 |
||
| 902 |
_a6464 _b18-03-2006 _cF _dVIVA _e37 |
||
| 903 |
_aDiscount-10 _bReqst by : Sharma, Mahesh Chandra (Dr.) |
||
| 942 |
_2ddc _cBK |
||
| 999 |
_c76023 _d76023 |
||